Província de Barcelona / producció: Diputació de Barcelona, Institut Cartogràfic de Catalunya Diputació de Barcelona, Institut Cartogràfic de Catalunya
ISBN:
84-9803-013-7
Publicado:
Barcelona :
Diputació de Barcelona. Àrea d'Infraestructures, Urbanisme i Habitatge. Oficina Tècnica de Cartografia i SIG Local ,
2004
Descripción Física:
1 mapa : col. : escala 1: 350000 ; 42 x 44 cm plegat a 8 x 11 cm
MARC
| LEADER | 00000nam a2200000Ia 4500 | ||
|---|---|---|---|
| 001 | 21406 | ||
| 008 | 160829s2004 xx 000 0 cat d | ||
| 020 | |a 84-9803-013-7 | ||
| 080 | |a FU-39-57 | ||
| 245 | |a Província de Barcelona / producció: |b Diputació de Barcelona, Institut Cartogràfic de Catalunya | ||
| 250 | |a 3a ed. | ||
| 260 | |a Barcelona : |b Diputació de Barcelona. Àrea d'Infraestructures, Urbanisme i Habitatge. Oficina Tècnica de Cartografia i SIG Local, |c 2004 | ||
| 300 | |a 1 mapa : |b col. : |b escala 1: |b 350000 ; |c 42 x 44 cm plegat a 8 x 11 cm | ||
| 650 | |a Barcelona (Província) |x Mapes topogràfics |9 44478 | ||
| 710 | 2 | |a Institut Cartogràfic de Catalunya |9 53041 | |
| 710 | 2 | |a Barcelona (Catalunya : Província). |b Oficina Tècnica de Cartografia i SIG Local |9 51766 | |
| 901 | |a Arxiu | ||
| 942 | |n 1 | ||
| 952 | |0 0 |1 0 |4 0 |6 FU3957 |7 1 |9 51961 |a Arxiu |b Arxiu |d 2016-12-01 |l 0 |o FU-39-57 |p 21406 |r 2016-12-01 00:00:00 |w 2016-12-01 |y ARXIU | ||
| 999 | |c 55808 |d 55808 | ||